| 000 | 00000nam##2200000za#4500 |
| 001 | 9.607741 |
| 003 | CaOODSP |
| 005 | 20210624213257 |
| 007 | cr ||||||||||| |
| 008 | 150406|2000||||xxc|||||o f|0| 0 fre|d |
| 040 | |aCaOODSP|bfre |
| 043 | |an-cn--- |
| 086 | 1 |aNH18-22/100-123F-PDF |
| 110 | 2 |aSociété canadienne d'hypothèques et de logement. |
| 245 | 10|aOptimisation de l'isolation aux bruits d'impact des planchers à ossature d'acier utilisés pour la construction d'immeubles à logements / |h[ressource électronique] |
| 250 | |aRévision 2007 |
| 260 | |aOttawa - Ontario : |bSociété canadienne d'hypothèques et de logement |cc2000, 2007. |
| 300 | |a6p.|btableaux |
| 490 | 1 |aLe point en recherche et développement; série technique|v00-123 |
| 500 | |aFichier reproduit à partir de l'original imprimé. |
| 590 | |a14-16-Supp|b2014-09-25 |
| 775 | 08|tOptimization of impact sound insulation in steel frame floors in residential buildings |w(CaOODSP)9.580797 |
| 776 | 0#|tOptimisation de l'isolation aux bruits d'impact des planchers à ossature d'acier utilisés pour la construction d'immeubles à logements |w(CaOODSP)9.625496 |
| 830 | #0|aLe point en recherche et développement; série technique ;|v00-123|w(CaOODSP)9.500900 |
| 856 | 40|ahttp://publications.gc.ca|qPDF|s224 Ko|uhttps://publications.gc.ca/collections/collection_2014/schl-cmhc/NH18-22-100-123-fra.pdf|y00-123 |